Foods That Are Yellow Quiz Stats

 Plays Quiz Updated May 22, 2014

Support Sporcle.
Go Orange.
Score 0/20 Timer 06:00
4 Plays Today
Column % Correct
Bananas
99.5%
Corn on the cob
99.4%
Lemons
99.3%
Honey
99.1%
Pineapple
98.8%
Cheddar cheese
97.7%
Butter
96.8%
Yellow bell peppers
96.6%
Yellow M&Ms
95.6%
Crisps
95.2%
Column % Correct
Spaghetti
94.9%
Mustard
93.4%
Mangoes
90.7%
Peaches
89.7%
Omelette
85.7%
Twinkies
80.9%
Yellow squash
80.4%
Macaroni cheese
73.5%
Chickpeas
69.1%
Couscous
51.7%

From the Vault

NFL Top 5 Running Backs by Year (1990-2009)

by WickyWachyJoo

Sports 8m
These guys made their fantasy owners very happy.
Remove Ads.
Support Sporcle.
Get the best of Sporcle when you Go Orange. This ad-free experience offers more features, more stats, and more fun while also helping to support Sporcle. Thank you for becoming a member.

Show Comments

Extras

Top Quizzes Today


Score Distribution

Your Account Isn't Verified!

In order to create a playlist on Sporcle, you need to verify the email address you used during registration. Go to your Sporcle Settings to finish the process.

Report this User

Report this user for behavior that violates our Community Guidelines.

Details: